000 00889cam a22002773a 4500
001 23188
003 PGUSA
005 20140828083508.0
008 071025s2007||||xxu|||||s|||||000 1 eng d
040 _aPGUSA
_beng
042 _adc
050 4 _aPZ
100 1 _aKingston, William Henry Giles,
_d1814-1880
245 1 0 _aMichael Penguyne :
_bFisher Life on the Cornish Coast
_h[electronic resource] /
_cWilliam Henry Giles Kingston
260 _bProject Gutenberg,
_c2007
506 _aPublic domain in the USA.
516 _aElectronic text
653 _aChristian life -- Juvenile fiction
653 _aOrphans -- Juvenile fiction
653 _aFishers -- Juvenile fiction
653 _aAdopted children -- Juvenile fiction
653 _aCourtship -- Juvenile fiction
830 0 _aProject Gutenberg
_v23188
856 4 0 _uhttp://www.gutenberg.org/ebooks/23188
942 _cEB
999 _c252443
_d252443